00628nam a22001817a 450000500170000001000150001702000100003203500140004203700130005608200120006910000210008124500410010225000100014326000460015327001330019930000220033250000920035420230428111040.0 aENG-136735 c85.00 aEN-120267 bDBAD/PUB a330.954 aRao, M Sambasiva00aIndian Economy /cBy Sambasiva M Rao aFirst aAndhra PradeshbLorven Publicationsc2012 bAndhra Pradesha3-5-1108, Maruthi Complex, Narayanguda, Hyderabade500029k2475066mvivadelhi@vivagroupindia.netl91-40-66365445 a253p.;c20cm(pbk) aFor B.A Third Year Of All Universities, Entrance Examinations & Other Competitive Exams